000 00508nam a2200181Ia 4500
008 230917s9999||||xx |||||||||||||| ||und||
020 _cGBP34.99
040 _e237028
_aMAIN
041 _aEnglish
082 _a364.024808066 M615R(5)
100 _aMiller, Larry s
245 0 _aReport Writing for criminal justice professionals
250 _a5th ed.
260 _aLondon
_bRoutledge
_c2015
300 _axix, 418 p.
500 _a2534 10/01/2017 RBP17/63262 23/01/2017 GENETICS DIST-FIST
942 _cBK
999 _c20548
_d20548